Assessment in Educational Context The Case of Environmental Literacy, Digital Literacy, and its Relation to Mathematical Thinking Skill /

Digital literacy and environmental literacy are required skills at all educational levels and represent a crucial element for success in 21st century skills, especially mathematical reasoning ability. However, it is not a practical choice for educational contexts to lack simple assessment tools. The...

Teljes leírás

Elmentve itt :
Bibliográfiai részletek
Szerzők: Farida Farida
Alamsyah Yosep Aspat
Suherman Suherman
Dokumentumtípus: Cikk
Megjelent: 2023
Sorozat:RED: REVISTA DE EDUCACIÓN A DISTANCIA 23 No. 76
Tárgyszavak:
doi:10.6018/red.552231

mtmt:34364837
Online Access:http://publicatio.bibl.u-szeged.hu/29282
LEADER 02089nab a2200241 i 4500
001 publ29282
005 20240115091401.0
008 240115s2023 hu o 0|| Angol d
022 |a 1131-8783 
024 7 |a 10.6018/red.552231  |2 doi 
024 7 |a 34364837  |2 mtmt 
040 |a SZTE Publicatio Repozitórium  |b hun 
041 |a Angol 
100 1 |a Farida Farida 
245 1 0 |a Assessment in Educational Context  |h [elektronikus dokumentum] :  |b The Case of Environmental Literacy, Digital Literacy, and its Relation to Mathematical Thinking Skill /  |c  Farida Farida 
260 |c 2023 
300 |a 26 
490 0 |a RED: REVISTA DE EDUCACIÓN A DISTANCIA  |v 23 No. 76 
520 3 |a Digital literacy and environmental literacy are required skills at all educational levels and represent a crucial element for success in 21st century skills, especially mathematical reasoning ability. However, it is not a practical choice for educational contexts to lack simple assessment tools. The purpose of this project is to investigate the possibilities of assessing environmental literacy, digital literacy, and mathematical thinking skill, and to contribute to educational practices. Additionally, the relationship between environmental literacy, digital literacy, and mathematical thinking skill is explored. The sample of this study were all grade 7th - 9th secondary school students (N = 216). A questionnaire measuring environmental literacy and digital literacy as well as a test of mathematical thinking skills were used to collect data. Data were analyzed using JASP software, SPSS 26, Winstep, and Mplus8. Our evaluation proved to be a reliable and valid assessment. Digital literacy and environmental literacy can predict mathematical thinking skill. Concerning this topic in the twenty-first century, the meaning of this study is hugely important for educators and education researchers. 
650 4 |a Oktatástudomány 
700 0 1 |a Alamsyah Yosep Aspat  |e aut 
700 0 1 |a Suherman Suherman  |e aut 
856 4 0 |u http://publicatio.bibl.u-szeged.hu/29282/1/mzapata552231-farida_et_al2.pdf  |z Dokumentum-elérés